Donald Trump Filmography - Statistics

General Stats
  • This quiz has been taken 53 times
    17 since last reset
  • The average score is 5 of 40
Answer Stats
Type Year Name % Correct
Film 1992 Home Alone 2: Lost in New York
100%
TV Show 2004-2015 The Apprentice
60%
TV Show 2004, 2015 Saturday Night Live
47%
Award Show 2006 58th Primetime Emmy Awards
27%
TV Show 1994 The Fresh Prince of Bel-Air
27%
Film 1994 The Little Rascals
27%
Film 1998 Celebrity
20%
TV Show 2008-2015 The Celebrity Apprentice
20%
Film 2010 Wall Street: Money Never Sleeps
20%
Film 1989 Ghosts Can't Do It
13%
TV Show 1999 Sex and the City
13%
Film 2001 Zoolander
13%
Documentary Series 2009 30 for 30
7%
Film 1998 54
7%
Short Film 1995 Across the Sea of Time
7%
TV Special 2011 Comedy Central Roast of Donald Trump
7%
TV Show 2005 Days of Our Lives
7%
Film 1996 Eddie
7%
TV Mini-Series 1987 I'll Take Manhattan
7%
TV Show 1997 NightMan
7%
Film 1994 Playboy Centerfold
7%
Film 2000 Playboy Video Centerfold: Playmate 2000 Bernaola Twins
7%
Documentary 2011 POM Wonderful Presents: The Greatest Movie Ever Sold
7%
TV Show 1998 Spin City
7%
TV Show 1997 Suddenly Susan
7%
Film 1996 The Associate
7%
TV Show 1997 The Drew Carey Show
7%
TV Show 1985 The Jeffersons
7%
TV Show 2001 The Job
7%
Documentary Mini-Series 2012 The Men Who Built America
7%
TV Show 1996 The Nanny
7%
TV Show 2012 Top Gear USA
7%
Film 2002 Two Weeks Notice
7%
Pay-Per-View Event 2007 WrestleMania 23
7%
TV Show 2007, 2009 WWE Raw
7%
TV Show 1992 All My Children
0%
Video Game 2002 Donald Trump's Real Estate Tycoon
0%
Film 2011 Horrorween
0%
Music Video 2013 In Another Life
0%
Music Video 1989 On Our Own
0%
No matching quizzes found
Score Distribution
Percent of People with Each Score
Percentile by Number Answered
Your Score History
You have not taken this quiz since the last reset